000 00661nam a2200253Ia 4500
003 OSt
005 20220918163231.0
006 a|||||r|||| 00| 0
007 ta
008 220917b |||||||| |||| 00| 0 eng d
020 _a0 416 8 28604
024 _a31,504
037 _cTextual
040 _aARTS
_cARTS
_beng
041 _2eng
_aeng
082 _aO111,3M82:g, L7
100 _aLee Hermione
_912216
245 0 _aNovels of Virginia Woolf
260 _aLondon
_bMethuen UK
_c1977
300 _axi, 237p.
_ccm.
650 _aENGLISH LITERATURE
942 _hO111,3M82:g, L7
_cTEXL
_2CC
999 _c118653
_d118653